| 000 -LEADER |
| fixed length control field |
00960nam a22002657a 4500 |
| 001 - CONTROL NUMBER |
| control field |
12100 |
| 003 - CONTROL NUMBER IDENTIFIER |
| control field |
BD-DhUAP |
| 005 - DATE AND TIME OF LATEST TRANSACTION |
| control field |
20201207123159.0 |
| 008 - FIXED-LENGTH DATA ELEMENTS--GENERAL INFORMATION |
| fixed length control field |
201207s2009 us 101 0 eng d |
| 020 ## - INTERNATIONAL STANDARD BOOK NUMBER |
| International Standard Book Number |
1889788692 |
| 022 ## - INTERNATIONAL STANDARD SERIAL NUMBER |
| International Standard Serial Number |
0195-7996 |
| 040 ## - CATALOGING SOURCE |
| Original cataloging agency |
BD-DhAAL |
| Transcribing agency |
BD-DhAAL |
| Language of cataloging |
Eng |
| Modifying agency |
BD-DhUAP |
| 082 00 - DEWEY DECIMAL CLASSIFICATION NUMBER |
| Edition number |
23 |
| Classification number |
615.1173 UNI |
| 245 04 - TITLE STATEMENT |
| Title |
The United States pharmacopeia : |
| Remainder of title |
the national formulary : by authority of the United States Pharmacopeial Convention, meeting at Washington, D.C., March 9-13, 2005. |
| 250 ## - EDITION STATEMENT |
| Edition statement |
Asian edition. |
| 260 ## - PUBLICATION, DISTRIBUTION, ETC. |
| Place of publication, distribution, etc. |
Rockville, Md. : |
| Name of publisher, distributor, etc. |
United States Pharmacopeial Convention, |
| Date of publication, distribution, etc. |
c2009. |
| 300 ## - PHYSICAL DESCRIPTION |
| Extent |
volumes ; |
| Dimensions |
28 cm. |
| 500 ## - GENERAL NOTE |
| General note |
Includes indexes. |
| 505 ## - FORMATTED CONTENTS NOTE |
| Formatted contents note |
V. 1-- |
| 650 #0 - SUBJECT ADDED ENTRY--TOPICAL TERM |
| Topical term or geographic name entry element |
Pharmacopoeias |
| Geographic subdivision |
United States. |
| 650 #0 - SUBJECT ADDED ENTRY--TOPICAL TERM |
| Topical term or geographic name entry element |
Medicine |
| Geographic subdivision |
United States |
| General subdivision |
Formulae, receipts, prescriptions. |
| 710 2# - ADDED ENTRY--CORPORATE NAME |
| Corporate name or jurisdiction name as entry element |
United States Pharmacopeial Convention. |
| 942 ## - ADDED ENTRY ELEMENTS (KOHA) |
| Source of classification or shelving scheme |
|
| Koha item type |
Book |